Borders between "Stan" Countries - Statistics

General Stats
  • This quiz has been taken 11 times
  • The average score is 15 of 21
Answer Stats
Hint Answer % Correct
Kazakhstan & Pakistan No
89%
Kazakhstan & Kyrgyzstan Yes
89%
Turkmenistan & Uzbekistan Yes
89%
Kyrgyzstan & Tajikistan Yes
89%
Afghanistan & Pakistan Yes
89%
Kazakhstan & Afghanistan No
78%
Kazakhstan & Uzbekistan Yes
78%
Kazakhstan & Turkmenistan Yes
78%
Afghanistan & Tajikistan Yes
78%
Turkmenistan & Pakistan No
67%
Kyrgyzstan & Turkmenistan No
67%
Kyrgyzstan & Pakistan No
67%
Kyrgyzstan & Afghanistan No
67%
Turkmenistan & Afghanistan Yes
67%
Kyrgyzstan & Uzbekistan Yes
67%
Kazakhstan & Tajikistan No
56%
Uzbekistan & Pakistan No
56%
Uzbekistan & Afghanistan Yes
56%
Turkmenistan & Tajikistan No
44%
Tajikistan & Pakistan No
44%
Uzbekistan & Tajikistan Yes
44%
No matching quizzes found
Score Distribution
Percent of People with Each Score
Percentile by Number Answered
Your Score History
You have not taken this quiz